Fishes of Utah : a natural history /

Disimpan dalam:
Butiran Bibliografi
Pengarang Utama: Sigler, William F.
Pengarang-pengarang Lain: Sigler, John W., 1946-
Format: Buku
Bahasa:English
Diterbitkan: Salt Lake City : University of Utah Press, c1996.
Subjek-subjek:
Penanda-penanda: Tambah Penanda
Tiada Penanda, Jadilah orang pertama menanda rekod ini!
LEADER 02008cam a2200289 a 4500
001 007720945-1
005 20020606104010.5
008 960104s1996 utuab b 001 0 eng
010 |a  96004349  
020 |a 0874804698 (alk. paper) 
035 0 |a ocm34076538 
040 |a DLC  |c DLC  |d DLC 
043 |a n-us-ut 
050 0 0 |a QL628.U8  |b S5 1996 
082 0 0 |a 597.09792  |2 20 
100 1 |a Sigler, William F. 
245 1 0 |a Fishes of Utah :  |b a natural history /  |c William F. Sigler, John W. Sigler ; illustrations by Joseph R. Tomelleri ; foreword by Bruce Schmidt. 
260 |a Salt Lake City :  |b University of Utah Press,  |c c1996. 
300 |a xxiii, 375 p. :  |b ill. (some col.), map ;  |c 26 cm. 
504 |a Includes bibliographical references (p. 339-363) and index. 
505 0 0 |t List of Poems by Rodello Hunter --  |t Foreword /  |r Bruce Schmidt --  |t A Personal Journey /  |r Tom Wharton --  |g pt. I.  |t Natural History, Geology, Landforms, and Water Bodies.  |g 1.  |t Geologic Aspects.  |g 2.  |t Utah's Aquatic Jewels: Great Salt Lake and Bear Lake.  |g 3.  |t Biogeographic Considerations of Utah Fishes /  |r Mark J. Rosenfeld.  |g 4.  |t Keys to Native and Introduced Fishes /  |r Gerald R. Smith --  |g pt. II.  |t Species Life Histories, Descriptions, and Management.  |g 5.  |t Clupeiformes.  |g 6.  |t Cypriniformes.  |g 7.  |t Siluriformes.  |g 8.  |t Salmoniformes.  |g 9.  |t Atheriniformes.  |g 10.  |t Scorpaeniformes.  |g 11.  |t Perciformes --  |g pt. III.  |t Fisheries, Fishing, and Recreation Areas.  |g 12.  |t Management of Utah's Fishes /  |r Bruce Schmidt.  |g 13.  |t Fishing Tips for Hook-and-Line Gear.  |g 14.  |t Visiting Utah.  |g 15.  |t Water and the Law /  |r Steven E. Clyde --  |g App. A.  |t Federal Statutes Affecting Management of Water Resources in Utah --  |g App. B.  |t Utah Fishes, Past and Present --  |t In Memoriam, William F. Sigler. 
650 0 |a Fishes  |z Utah. 
650 0 |a Fishing  |z Utah. 
700 1 |a Sigler, John W.,  |d 1946- 
776 0 8 |i Online version:  |a Sigler, William F.  |t Fishes of Utah.  |d Salt Lake City : University of Utah Press, ©1996  |w (OCoLC)656200212 
988 |a 20020608 
906 |0 DLC